Etude medico-legale sur l'avortement suivie d'une note sur l'obligation de de declarer... grossesses fausses et simulees... / (Registro nro. 4757)

Detalles MARC
000 -CABECERA
campo de control de longitud fija 00609nam a22001937a 4500
001 - NÚMERO DE CONTROL
campo de control Rebiun17558824
003 - IDENTIFICADOR DEL NÚMERO DE CONTROL
campo de control AR-RoIUNI
005 - FECHA Y HORA DE LA ÚLTIMA TRANSACCIÓN
campo de control 20190613141150.0
008 - DATOS DE LONGITUD FIJA--INFORMACIÓN GENERAL
campo de control de longitud fija 070127s1910 fr |||||||||||00| ||fre
040 ## - FUENTE DE LA CATALOGACIÓN
Centro catalogador/agencia de origen ES-BaBC.
Centro/agencia transcriptor AR-RoIUNI
080 ## - NÚMERO DE LA CLASIFICACIÓN DECIMAL UNIVERSAL
Número de la Clasificación Decimal Universal 340
100 1# - ENTRADA PRINCIPAL--NOMBRE DE PERSONA
Nombre de persona Tardieu, Ambroise (
Fechas asociadas al nombre 1788-1841)
245 10 - MENCIÓN DE TÍTULO
Título Etude medico-legale sur l'avortement suivie d'une note sur l'obligation de de declarer... grossesses fausses et simulees... /
Mención de responsabilidad, etc. Ambroise Tardieu
250 ## - MENCIÓN DE EDICIÓN
Mención de edición Nouv. ed
260 ## - PUBLICACIÓN, DISTRIBUCIÓN, ETC. (PIE DE IMPRENTA)
Lugar de publicación, distribución, etc. Paris :
Nombre del editor, distribuidor, etc. Bailliere & fils,
Fecha de publicación, distribución, etc. 1910
300 ## - DESCRIPCIÓN FÍSICA
Extensión VII, 335 p.
650 ## - PUNTO DE ACCESO ADICIONAL DE MATERIA--TÉRMINO DE MATERIA
Término de materia o nombre geográfico como elemento inicial MEDICINA LEGAL
9 (RLIN) 105
942 ## - ELEMENTOS DE PUNTO DE ACCESO ADICIONAL (KOHA)
Fuente del sistema de clasificación o colocación Clasificación Decimal Universal
Tipo de ítem Koha Libros
Existencias
Estado de retiro Estado de pérdida Fuente del sistema de clasificación o colocación Estado dañado Restricciones de uso Excepción de préstamo Código de colección Localización permanente Ubicación/localización actual Ubicación en estantería Fecha de adquisición Número de inventario Total de préstamos Signatura topográfica completa Código de barras Fecha visto por última vez Precio válido a partir de Tipo de ítem Koha
    Clasificación Decimal Universal   Consulta en biblioteca   Colección Libros Antiguos BIBLIOTECA CENTRAL BIBLIOTECA CENTRAL BIBLIOTECA CENTRAL 13/06/2019 6005   340 TAR 6005c 13/06/2019 13/06/2019 Libros